Conocimiento y creencia : actas del IV Simposio de Lógica y Filosofía de la Ciencia (Valencia, 16, 17 y 18 abril de 1973).
Guardado en:
| Autor Corporativo: | |
|---|---|
| Formato: | Libro |
| Idioma: | Spanish English |
| Publicado: |
[Valencia] :
Departamento de Lógica y Filosofia de la Ciencia, Universidad de Valencia,
1975.
|
| Series: | Teorema (Valencia, España)
|
| Materias: | |
| Etiquetas: |
Agregar Etiqueta
Sin Etiquetas, Sea el primero en etiquetar este registro!
|
| LEADER | 01475nam a22002775a 4500 | ||
|---|---|---|---|
| 001 | MAT.inmabb002992 | ||
| 008 | 801014s1975####sp############100#0#spa## | ||
| 005 | 20130207162458.0 | ||
| 245 | 1 | 0 | |a Conocimiento y creencia : |b actas del IV Simposio de Lógica y Filosofía de la Ciencia (Valencia, 16, 17 y 18 abril de 1973). |
| 260 | |a [Valencia] : |b Departamento de Lógica y Filosofia de la Ciencia, Universidad de Valencia, |c 1975. | ||
| 300 | |a 110 p. ; |c 22 cm. | ||
| 490 | 1 | |a Teorema ; |v no. monográfico 1974 | |
| 546 | |a Artículos en inglés o español. | ||
| 500 | |a Título de cubierta. | ||
| 505 | 0 | |a David Pears, Inaugural discourse (Spanish) -- David Pears, The paradoxes of self-deception -- Josep Ll. Blasco, Truth and belief (Spanish) -- Anthony Quinton, On the definition of knowledge -- Manuel Garrido, Ego cogito (Spanish) -- Alfonso García Suárez, Knowledge, incorrigability and sensations (Spanish) -- José Hierro, Knowledge, belief and linguistic competence (Spanish) -- Peter F. Strawson, Does knowledge have foundations? | |
| 510 | 4 | |a MR, |c 55 #12460 | |
| 020 | |a 8460017516 | ||
| 111 | 2 | |a Simposio de Lógica y Filosofía de la Ciencia |n (4º : |d 1973 : |c Valencia) | |
| 830 | 0 | |a Teorema (Valencia, España) | |
| 650 | 0 | |a Knowledge, Theory of |x Congresses. | |
| 650 | 0 | |a Belief and doubt |x Congresses. | |
| 084 | |a 03A05 (03-06) |2 msc2000 | ||
| 010 | |a 75591544 | ||
| 040 | |a DLC |c DLC |d DLC | ||
| 041 | 0 | |a spa |a eng | |
| 859 | |h 03 |i SI612 |p A-5543 |b BIB. MATEMATICA | ||
